National income in Korea

Gardado en:
Detalles Bibliográficos
Formato: Libro
Idioma:Undetermined
Publicado: Korea The Bank Of Korea 1975
Những chủ đề:
Các nhãn: Engadir etiqueta
Sen Etiquetas, Sexa o primeiro en etiquetar este rexistro!
Thư viện lưu trữ: Trung tâm Học liệu Trường Đại học Cần Thơ
LEADER 00478nam a2200169Ia 4500
001 CTU_92127
008 210402s9999 xx 000 0 und d
082 |a 339.32 
082 |b N277 
245 0 |a National income in Korea 
260 |a Korea 
260 |b The Bank Of Korea 
260 |c 1975 
650 |a national income,national gross product 
650 |x korea (south),accounting,statistics 
904 |i Mai Loan 
980 |a Trung tâm Học liệu Trường Đại học Cần Thơ